A 50 años de la caída del nazifascismo : 1995, año de la tolerancia /

Emisión del programa Nexos TV del 29 de junio de 1995, que se une a la propuesta de la Organización de las Naciones Unidas (ONU) que declaró 1995 como Año de la Tolerancia, a cuatro décadas de la conclusión de la Segunda Guerra Mundial. El diplomático Eugenio Anguiano Roch, la historiadora Jenny Gel...

Descripció completa

Guardat en:
Dades bibliogràfiques
Autor principal: Cordera Campos, Rolando (dir. general)
Altres autors: Sánchez Rebolledo, Adolfo (coordinación) (coordinación), Gutiérrez, Marcela (producción) (producción), Sánchez Rebolledo, Adolfo (guión) (guión), Aguilar Camín, Héctor (asesoría) (asesoría), Anguiano Roch, Eugenio (conferencia) (conferencia), Gelemovich, Jenny (conferencia) (conferencia), Pérez Gay, José María (conferencia) (conferencia), Steinbach, Peter (autor) (autor)
Format: Diapositiva
Idioma:espanyol
Publicat: México : Televisión Azteca, 1995, c1995
Col·lecció:(Nexos TV ; 330)
Matèries:
Etiquetes: Afegir etiqueta
Sense etiquetes, Sigues el primer a etiquetar aquest registre!

MARC

LEADER 00000ngm^a2200000^a^4500
001 000275395
005 20250521000000.0
009 20260310111230.131
037 |a Acervo ITESO - Biblioteca 
041 |a ESP 
082 |a 320. 972  |b NEX V. 330 
100 |a Cordera Campos, Rolando  |e (dir. general) 
240 1 1 |a [Nexos TV] 
245 1 0 |a A 50 años de la caída del nazifascismo :  |b 1995, año de la tolerancia /  |c Dir. general de R. Cordera Campos. 
264 4 |a México :  |b Televisión Azteca,  |c 1995, c1995 
300 |a 1 videocasete VHS  |c (48 min.) 
336 |a imagen móvil bidimensional  |b tdi  |2 rdacontenido 
337 |a video  |b v  |2 rdamedio 
338 |a videocasete  |b vf  |2 rdasoporte 
440 1 |a (Nexos TV ;  |v 330) 
520 |a Emisión del programa Nexos TV del 29 de junio de 1995, que se une a la propuesta de la Organización de las Naciones Unidas (ONU) que declaró 1995 como Año de la Tolerancia, a cuatro décadas de la conclusión de la Segunda Guerra Mundial. El diplomático Eugenio Anguiano Roch, la historiadora Jenny Gelemovich y el filósofo José María Pérez Gay examinan si el totalitarismo e intolerancia son sólo un mal recuerdo de un período de la historia del siglo XX o una presencia viva y actual. Completa la emisión una entrevista con Peter Steinbach, catedrático de la Universidad Libre de Berlín. 
649 |a XX 
650 |a Académicos Alemanes -  |x Entrevistas 
650 |a Programas de Opinión y Debate 
650 |a Debates y el Arte de Discutir 
650 |a Nazismo 
650 |a Fascismo 
650 |a Totalitarismo 
650 |a Dictadura 
650 |a Tolerancia e Intolerancia -  |x Tema Principal 
650 |a Problemas Sociales 
650 |a Etica Política 
650 |a Filosofía Política 
650 |a Política -  |z Alemania -  |x Historia 
650 |a Alemania -  |x Historia -  |y Tercer Reich, 1933-1945 
650 |a Alemania -  |x Historia -  |y Siglo XX 
650 |a Política -  |z Europa -  |x Historia 
650 |a Europa -  |x Historia -  |y 1939-1945 
650 |a Europa -  |x Historia -  |y 1918-1945 
650 |a Europa -  |x Historia -  |y Siglo XX 
650 |a Guerra Mundial (Segunda), 1939-1945 -  |x Historia 
650 |a Historia Moderna -  |y Siglo XX 
650 |a Historia Universal 
650 |a Steinbach, Peter 
700 |a Sánchez Rebolledo, Adolfo  |e (coordinación) 
700 |a Gutiérrez, Marcela  |e (producción) 
700 |a Sánchez Rebolledo, Adolfo  |e (guión) 
700 |a Aguilar Camín, Héctor  |e (asesoría) 
700 |a Anguiano Roch, Eugenio  |e (conferencia) 
700 |a Gelemovich, Jenny  |e (conferencia) 
700 |a Pérez Gay, José María  |e (conferencia) 
700 |a Steinbach, Peter  |e (autor) 
910 |a Fondo General 
920 |a Audiovisuales - Videocasetes 
905 |a 301 
901 |a 0500047960  |b IT2  |c VIS  |u 20250521 
902 |a https://opac.biblio.iteso.mx/vufind/Record/000275395